000 01357nam2a2200313 4500
001 RU\NLR\bibl\1792854
005 20250616143600.0
010 _a978-5-486-03913-3
_bт. 2
_96000
021 _aRU
_b2011-50436
_93598
035 _a(NLR Aleph) 001783546
090 _a1712782
_c1712782
100 _a20110728d2011 |||y0rusy50 ca
101 1 _arus
_cspa
102 _aRU
105 _ay |||||||||
135 _acrmn mmmancda
200 0 _aТ. 2
215 _a239 с.
325 _aКопия доступна в Электрон. б-ке РНБ
461 0 _1001RU\NLR\bibl\1849748
_12001#$aХитроумный идальго Дон Кихот Ламанчский$vТ. 2
_92260863
_aСервантес Сааведра, М. де (1547-1616)
_cМосква
_d2011
_fМигель Сервантес де Сааведра
_nМир книги
_o[роман : перевод с испанского]
_tХитроумный идальго Дон Кихот Ламанчский
_y9785486039096
_vТ. 2
801 0 _aRU
_bNLR
_c20110728
_gRCR
801 1 _aRU
_bNLR
_c20110728
942 _cBOOK
980 _aNB
981 3 3 _a(33) Художественная литература
_b(33) Зарубежная литература